[Event "Collado Villalba op-B 36th"]
[Site "Collado Villalba"]
[Date "2019.08.23"]
[Round "1"]
[White "Mataix Fernandez, Ricardo"]
[Black "Reyes Garcia, Gilberto"]
[Result "1-0"]
[WhiteElo "1767"]
[BlackElo "1482"]
[PlyCount "79"]
[EventDate "2019.08.23"]
[EventType "swiss"]
[EventRounds "9"]
[EventCountry "ESP"]
[SourceTitle "CBM 192 Extra"]
[Source "Chessbase"]
[SourceDate "2019.11.06"]
[SourceVersion "1"]
[SourceVersionDate "2019.11.06"]
[SourceQuality "1"]

1. e4 c5 2. Nf3 d6 3. Bc4 e6 4. 0-0 Nf6 5. Re1 Be7 6. d4 cxd4 7. Nxd4 0-0 8. Nc3 a6 9. a4 Nc6 10. Nf3 Rb8 11. h3 Nb4 12. Be3 Qc7 13. Bb3 Bd7 14. a5 Qc8 15. e5 Ne8 16. Bf4 d5 17. Na4 Bxa4 18. Bxa4 b5 19. axb6 Rxb6 20. c3 Nc6 21. Rb1 Nc7 22. Bc2 f5 23. exf6 Bxf6 24. Bxc7 Qxc7 25. Rxe6 Ne7 26. Rxb6 Qxb6 27. Qd3 g6 28. Bd1 Kh8 29. Be2 a5 30. Qc2 Bh4 31. Bd3 Bg3 32. b4 axb4 33. cxb4 Nf5 34. Bxf5 Rxf5 35. Qc5 Qxc5 36. bxc5 Bc7 37. Rb7 Rf7 38. Kf1 Kg7 39. Ng5 Re7 40. Rxc7 1-0

[Event "Colmenarejo Spring op"]
[Site "Colmenarejo"]
[Date "2019.05.12"]
[Round "2.2"]
[White "De Diego Ferrer, Emilio"]
[Black "Mataix Fernandez, Ricardo"]
[Result "1-0"]
[WhiteElo "1906"]
[BlackElo "1767"]
[PlyCount "91"]
[EventDate "2019.05.05"]
[EventType "swiss"]
[EventRounds "7"]
[EventCountry "ESP"]
[SourceTitle "EXT 2024"]
[Source "ChessBase"]
[SourceDate "2023.10.10"]
[SourceVersion "1"]
[SourceVersionDate "2023.10.10"]
[SourceQuality "1"]

1. c4 b6 2. d4 Bb7 3. d5 Nf6 4. Nc3 e6 5. a3 Be7 6. g3 0-0 7. Bg2 d6 8. e4 Nbd7 9. Nge2 e5 10. 0-0 a5 11. f4 Ba6 12. b3 Rc8 13. Bh3 Rb8 14. a4 Bc8 15. f5 Nc5 16. Qc2 Bd7 17. g4 c6 18. Ng3 Na6 19. Qg2 cxd5 20. g5 Nxe4 21. Ngxe4 dxe4 22. f6 Bxh3 23. fxe7 Qxe7 24. Qxh3 Nc5 25. Nd5 Qe6 26. Qg3 Kh8 27. Ra2 f5 28. Qh3 f4 29. Qh4 Nxb3 30. Ra3 Nd4 31. Rh3 h6 32. Kh1 Nf3 33. Rhxf3 exf3 34. Rxf3 Rb7 35. Rh3 Rc8 36. gxh6 Qxh6 37. Qg4 Rxc4 38. Rxh6+ gxh6 39. Ba3 Rg7 40. Qe6 Rd4 41. Qxh6+ Kg8 42. Qe6+ Kh8 43. Qh3+ Kg8 44. Qb3 Kh8 45. Bxd6 Re4 46. Qh3+ 1-0

[Event "Collado Villalba op-B 35th"]
[Site "Collado Villalba"]
[Date "2018.08.25"]
[Round "2"]
[White "Munoz Bastida, Diego"]
[Black "Mataix Fernandez, Ricardo"]
[Result "0-1"]
[WhiteElo "1083"]
[BlackElo "1724"]
[PlyCount "84"]
[EventDate "2018.08.24"]
[EventType "swiss"]
[EventRounds "9"]
[EventCountry "ESP"]
[SourceTitle "CBM 186 Extra"]
[Source "ChessBase"]
[SourceDate "2018.08.24"]
[SourceVersion "1"]
[SourceVersionDate "2018.08.24"]
[SourceQuality "1"]

1. e4 e6 2. Nf3 d5 3. Nc3 c5 4. d4 Nf6 5. e5 Nfd7 6. Bb5 a6 7. Bxd7+ Bxd7 8. 0-0 Nc6 9. Re1 Be7 10. g3 0-0 11. Bf4 Rc8 12. dxc5 Bxc5 13. a3 Be7 14. Nd4 Nxd4 15. Qxd4 Bc5 16. Qd2 Qb6 17. b4 Bd4 18. Nxd5 exd5 19. Rac1 Bc3 20. Qd1 Bxe1 21. Qxe1 Qg6 22. c3 Rc4 23. Qd2 Bc6 24. Re1 Qg4 25. f3 Qxf3 26. e6 fxe6 27. Rxe6 Re4 28. Rxe4 Qxe4 29. Qe3 Qh1+ 30. Kf2 Qxh2+ 31. Ke1 Re8 32. Be5 Qh5 33. Kd2 Qxe5 34. Qxe5 Rxe5 35. Kc2 Re3 36. g4 Rg3 37. g5 Rxg5 38. Kb3 Bb5 39. a4 Bc4+ 40. Ka3 Rg2 41. b5 a5 42. b6 Ra2# 0-1

[Event "Madrid Colmenarejo Autumn op 22nd"]
[Site "Madrid"]
[Date "2017.10.01"]
[Round "3"]
[White "Mataix Fernandez, Ricardo"]
[Black "Perez de Villar Munoz, Eusebio"]
[Result "0-1"]
[WhiteElo "1762"]
[BlackElo "1999"]
[PlyCount "74"]
[EventDate "2017.09.17"]
[EventType "swiss"]
[EventRounds "7"]
[EventCountry "ESP"]
[SourceTitle "EXT 2019"]
[Source "ChessBase"]
[SourceDate "2018.10.10"]
[SourceVersion "1"]
[SourceVersionDate "2018.10.10"]
[SourceQuality "1"]

1. e4 e5 2. f4 exf4 3. Nf3 Be7 4. Bc4 Bh4+ 5. Kf1 d6 6. d4 Be7 7. Bxf4 Nf6 8. Nc3 0-0 9. Qd2 c6 10. Bb3 b5 11. e5 Nh5 12. exd6 Bxd6 13. Bg5 Qc7 14. Ne4 Bf4 15. Bxf4 Nxf4 16. Nf2 Be6 17. Nd3 Nxd3 18. Qxd3 Bxb3 19. Qxb3 Nd7 20. Kf2 Nf6 21. Rhe1 Rae8 22. Kg1 a6 23. c3 c5 24. h3 cxd4 25. cxd4 Qg3 26. Qc2 Nd5 27. Qf2 Qf4 28. Ne5 f6 29. Qxf4 Nxf4 30. Nf3 Nd3 31. Reb1 Re2 32. a4 Nf4 33. axb5 axb5 34. Ra5 Rxg2+ 35. Kf1 Rc8 36. Rxb5 Rcc2 37. Ne1 Rcf2# 0-1

[Event "Collado Villalba op-B 34th"]
[Site "Collado Villalba"]
[Date "2017.08.22"]
[Round "1"]
[White "Olmedo Alvarez, Marcos"]
[Black "Mataix Fernandez, Ricardo"]
[Result "0-1"]
[WhiteElo "1360"]
[BlackElo "1762"]
[PlyCount "84"]
[EventDate "2017.08.22"]
[EventType "swiss"]
[EventRounds "9"]
[EventCountry "ESP"]
[SourceTitle "CBM 180 Extra"]
[Source "ChessBase"]
[SourceDate "2017.10.06"]
[SourceVersion "1"]
[SourceVersionDate "2017.10.06"]
[SourceQuality "1"]

1. Nf3 d5 2. g3 Nc6 3. Bg2 e5 4. d3 Nf6 5. Nbd2 Bc5 6. 0-0 e4 7. dxe4 dxe4 8. Ng5 e3 9. Nde4 exf2+ 10. Nxf2 Qxd1 11. Rxd1 Ng4 12. Nge4 Nxf2 13. Nxf2 0-0 14. Kf1 Ne7 15. Bf4 c6 16. Ne4 Bb6 17. Bd6 Nf5 18. Bxf8 Ne3+ 19. Ke1 Nxg2+ 20. Kd2 Kxf8 21. Nd6 Ne3 22. Rdb1 Bh3 23. c4 Nf5 24. Nxf5 Bxf5 25. Kc3 Re8 26. Rf1 Bh3 27. Rf4 Rxe2 28. b4 Bc7 29. Kd3 Rxh2 30. Rg1 Bxf4 31. gxf4 Rxa2 32. Kd4 f6 33. Kc5 Be6 34. Kd6 Bxc4 35. Re1 Re2 36. Ra1 a6 37. Kc7 Re7+ 38. Kb6 Kf7 39. Rh1 h6 40. Rh5 Kg6 41. Rc5 Bd5 42. Rc1 Kf5 0-1

[Event "Colmenarejo Autumn op"]
[Site "Colmenarejo"]
[Date "2015.10.04"]
[Round "3"]
[White "Melcon Diez, Enrique"]
[Black "Mataix Fernandez, Ricardo"]
[Result "1-0"]
[WhiteElo "1635"]
[BlackElo "1749"]
[PlyCount "63"]
[EventDate "2015.09.20"]
[EventType "swiss"]
[EventRounds "7"]
[EventCountry "ESP"]
[SourceTitle "EXT 2019"]
[Source "ChessBase"]
[SourceDate "2018.10.10"]
[SourceVersion "1"]
[SourceVersionDate "2018.10.10"]
[SourceQuality "1"]

1. c4 Nf6 2. Nc3 g6 3. e4 d6 4. d4 c6 5. f4 Bg7 6. Nf3 0-0 7. Bd3 a6 8. 0-0 b5 9. e5 Ne8 10. Be3 bxc4 11. Bxc4 d5 12. Bd3 e6 13. Qd2 a5 14. Rac1 Nc7 15. h4 Ba6 16. Kf2 h5 17. Rh1 Bxd3 18. Qxd3 Nca6 19. a3 Nd7 20. Na4 Qc7 21. g4 hxg4 22. Ng5 Rfe8 23. h5 f6 24. exf6 Nxf6 25. Qxg6 Ne4+ 26. Nxe4 dxe4 27. h6 Re7 28. hxg7 Rxg7 29. Qxe6+ Rf7 30. Qxg4+ Rg7 31. Qh4 Rf7 32. Rcg1+ 1-0

[Event "Colmenarejo Autumn op"]
[Site "Colmenarejo"]
[Date "2014.10.26"]
[Round "5"]
[White "Mataix Fernandez, Ricardo"]
[Black "Garcia Diaz, Alejandro"]
[Result "1-0"]
[WhiteElo "1796"]
[BlackElo "1816"]
[PlyCount "99"]
[EventDate "2014.09.28"]
[EventType "swiss"]
[EventRounds "7"]
[EventCountry "ESP"]
[SourceTitle "EXT 2019"]
[Source "ChessBase"]
[SourceDate "2018.10.10"]
[SourceVersion "1"]
[SourceVersionDate "2018.10.10"]
[SourceQuality "1"]

1. e4 c5 2. Nf3 d6 3. d4 cxd4 4. Nxd4 a6 5. Bc4 Nf6 6. Nc3 e6 7. Bg5 Be7 8. 0-0 0-0 9. f4 Nc6 10. Kh1 Na5 11. Bb3 Nxb3 12. axb3 Ne8 13. Qd2 h6 14. Bxe7 Qxe7 15. Rae1 Nc7 16. f5 Qg5 17. Qf2 e5 18. Nf3 Qd8 19. Qg3 b5 20. h4 f6 21. Nh2 b4 22. Ne2 Bb7 23. Ng1 Nb5 24. Ng4 Kh7 25. Nxh6 Qe8 26. Ng4 Nd4 27. Rf2 Rc8 28. c4 bxc3 29. bxc3 Nxb3 30. Rb2 Nc5 31. Nf2 Qf7 32. Qh3 Rh8 33. Nf3 d5 34. Nd2 Na4 35. Rc2 d4 36. c4 Nc5 37. g4 Kg8 38. h5 Kf8 39. Nd3 Ke7 40. Nxc5 Rxc5 41. Qa3 Kd6 42. Nb3 Rhc8 43. Nxc5 Rxc5 44. Rb2 Qc7 45. Qb4 Bc6 46. Kh2 a5 47. Qa3 a4 48. Reb1 Bxe4 49. Rb6+ Ke7 50. R1b5 1-0

[Event "Colmenarejo Otono op 11th"]
[Site "Colmenarejo"]
[Date "2013.10.20"]
[Round "3.4"]
[White "Mataix Fernandez, Ricardo"]
[Black "Dominguez Coig, Alvaro"]
[Result "1-0"]
[WhiteElo "1725"]
[BlackElo "1710"]
[PlyCount "107"]
[EventDate "2013.10.06"]
[EventType "swiss"]
[EventRounds "7"]
[EventCountry "ESP"]
[SourceTitle "EXT 2024"]
[Source "ChessBase"]
[SourceDate "2023.10.10"]
[SourceVersion "1"]
[SourceVersionDate "2023.10.10"]
[SourceQuality "1"]

1. b4 e6 2. Bb2 Nf6 3. a3 b6 4. e3 Bb7 5. Nf3 Be7 6. Be2 d6 7. d3 Nbd7 8. Nbd2 0-0 9. c4 c5 10. b5 Qc7 11. 0-0 d5 12. h3 Rfe8 13. Nh2 e5 14. Ng4 Rad8 15. Qc2 Nxg4 16. Bxg4 Nf6 17. Be2 Rd7 18. Rfd1 h5 19. a4 g5 20. Nf3 d4 21. Nxg5 Kg7 22. e4 Kg6 23. Qd2 Bf8 24. Nf3 Bh6 25. Qe1 Rg8 26. Bc1 Bxc1 27. Rdxc1 Bc8 28. Qd2 Rd6 29. Kh1 Kh7 30. Nxe5 Rdd8 31. f4 Rg3 32. Nf3 Rdg8 33. Ng5+ Kh8 34. Bf3 h4 35. Qe2 Nh7 36. Nxh7 Kxh7 37. f5 Qf4 38. Rf1 Qg5 39. Rf2 Bd7 40. Qd2 Qg7 41. Qf4 Qf6 42. Rfa2 a5 43. bxa6 Ra8 44. a5 Rxa6 45. axb6 Rxb6 46. Ra8 Rb3 47. R8a3 Rb2 48. Ra6 Rb1+ 49. Kh2 Rxh3+ 50. Kxh3 Qxa6 51. Qxh4+ Kg7 52. Rxa6 Rh1+ 53. Kg3 Rxh4 54. Kxh4 1-0

[Event "Colmenarejo Spring op 8th"]
[Site "Colmenarejo"]
[Date "2013.05.03"]
[Round "4.3"]
[White "Mataix Fernandez, Ricardo"]
[Black "Blanco Ruiz, Cesar"]
[Result "0-1"]
[WhiteElo "1712"]
[BlackElo "1747"]
[PlyCount "84"]
[EventDate "2013.04.14"]
[EventType "swiss"]
[EventRounds "7"]
[EventCountry "ESP"]
[SourceTitle "EXT 2024"]
[Source "ChessBase"]
[SourceDate "2023.10.10"]
[SourceVersion "1"]
[SourceVersionDate "2023.10.10"]
[SourceQuality "1"]

1. d4 Nf6 2. Nf3 g6 3. Bf4 Bg7 4. e3 d5 5. h3 0-0 6. c4 c5 7. Nc3 Nc6 8. dxc5 Qa5 9. Be2 Rd8 10. Qb3 Ne4 11. 0-0 Nxc3 12. bxc3 Qxc5 13. Qb5 Qa3 14. cxd5 a6 15. Qb6 Qa5 16. Qxa5 Nxa5 17. Bc7 Rxd5 18. Rac1 Nc6 19. Nd4 e5 20. Nxc6 bxc6 21. Bf3 Rc5 22. Bd6 Rc4 23. Bb4 Be6 24. Be2 Rh4 25. a4 a5 26. Bc5 Rxa4 27. Ra1 Rxa1 28. Rxa1 Bf8 29. Bb4 a4 30. Bd1 Bxb4 31. cxb4 a3 32. Bc2 a2 33. Kf1 Rb8 34. Ke1 Rxb4 35. Kd2 Kf8 36. Kc3 c5 37. f3 f5 38. g4 Ke7 39. e4 fxe4 40. fxe4 Kf6 41. Bd3 Kg5 42. Rh1 Kh4 0-1

[Event "Collado Villalba op-B 29th"]
[Site "Collado Villalba"]
[Date "2012.08.26"]
[Round "3"]
[White "Leniz Martinez, Francisco"]
[Black "Mataix Fernandez, Ricardo"]
[Result "1-0"]
[WhiteElo "1834"]
[BlackElo "1706"]
[PlyCount "85"]
[EventDate "2012.08.24"]
[EventType "swiss"]
[EventRounds "9"]
[EventCountry "ESP"]
[SourceTitle "CBM 150 Extra"]
[Source "ChessBase"]
[SourceDate "2012.10.19"]
[SourceVersion "1"]
[SourceVersionDate "2012.10.19"]
[SourceQuality "1"]

1. e4 g6 2. d4 Bg7 3. Nf3 d6 4. h3 Nf6 5. Nc3 0-0 6. Be2 c6 7. 0-0 b5 8. a3 a6 9. Be3 Bb7 10. Nd2 Nbd7 11. Bf3 c5 12. e5 Bxf3 13. Nxf3 dxe5 14. dxe5 Ne8 15. Re1 Nxe5 16. Nxe5 Bxe5 17. Bxc5 Bd6 18. Be3 Nf6 19. Qf3 Rc8 20. Red1 Qc7 21. Rd2 Be5 22. Bd4 Bxd4 23. Rxd4 Rfd8 24. Rad1 Rxd4 25. Rxd4 Rd8 26. Qd1 Rxd4 27. Qxd4 Qd6 28. Qxd6 exd6 29. f3 Kf8 30. Kf2 Ke7 31. Ke3 Ke6 32. b3 Nd5+ 33. Nxd5 Kxd5 34. Kd3 Ke5 35. c4 bxc4+ 36. Kxc4 Kf4 37. b4 Kg3 38. a4 Kxg2 39. b5 axb5+ 40. axb5 Kxf3 41. b6 Kg3 42. b7 Kxh3 43. b8Q 1-0

[Event "Madrid Codes op 6th"]
[Site "Madrid"]
[Date "2012.06.03"]
[Round "8.11"]
[White "Mataix Fernandez, Ricardo"]
[Black "Rodriguez Lopez, Canizares Francisco"]
[Result "0-1"]
[WhiteElo "1730"]
[BlackElo "1644"]
[PlyCount "96"]
[EventDate "2012.04.15"]
[EventType "swiss"]
[EventRounds "9"]
[EventCountry "ESP"]
[SourceTitle "EXT 2024"]
[Source "ChessBase"]
[SourceDate "2023.10.10"]
[SourceVersion "1"]
[SourceVersionDate "2023.10.10"]
[SourceQuality "1"]

1. d4 Nf6 2. Bf4 e6 3. e3 c5 4. c3 b6 5. Nf3 Bb7 6. Nbd2 Be7 7. Bd3 0-0 8. h3 cxd4 9. exd4 d6 10. Qc2 Nbd7 11. 0-0 h6 12. Rfe1 Re8 13. Nh2 Bf8 14. Ng4 Nxg4 15. hxg4 Qf6 16. Bg3 e5 17. Bb5 Rad8 18. Qa4 Qe6 19. Nf3 e4 20. g5 Qf5 21. Nh4 Qg4 22. gxh6 gxh6 23. Re3 Be7 24. Qxa7 Ba8 25. Rae1 Bxh4 26. Bxd6 Qf5 27. Bxd7 Rxd7 28. Qxb6 Bxf2+ 29. Kh2 Bxe1 30. Rxe1 e3 31. Bg3 e2 32. Qxh6 Qd5 33. Qh3 Re6 34. Be5 Rh6 35. Rxe2 Rxh3+ 36. Kxh3 Re7 37. Rf2 Qe4 38. g3 Qh7+ 39. Kg4 Bd5 40. Rf6 Re6 41. Rxe6 Bxe6+ 42. Kf4 Qf5+ 43. Ke3 Bxa2 44. Bf4 Qc2 45. d5 Bxd5 46. Kd4 Be6 47. b4 Qb3 48. Be5 Qd5+ 0-1

[Event "Madrid Codes op 6th"]
[Site "Madrid"]
[Date "2012.05.13"]
[Round "5.19"]
[White "Mataix Fernandez, Ricardo"]
[Black "Gines Sanchez, Javier"]
[Result "1-0"]
[WhiteElo "1730"]
[BlackElo "1575"]
[PlyCount "73"]
[EventDate "2012.04.15"]
[EventType "swiss"]
[EventRounds "9"]
[EventCountry "ESP"]
[SourceTitle "EXT 2024"]
[Source "ChessBase"]
[SourceDate "2023.10.10"]
[SourceVersion "1"]
[SourceVersionDate "2023.10.10"]
[SourceQuality "1"]

1. d4 d5 2. Bf4 Nf6 3. e3 Bf5 4. Nf3 a6 5. Nbd2 h6 6. h3 e6 7. Ne5 c5 8. c3 cxd4 9. exd4 Nc6 10. Bh2 Bd6 11. f4 Qc7 12. Be2 Ne4 13. Nxe4 Bxe4 14. 0-0 f6 15. Bh5+ Ke7 16. Qg4 Rhg8 17. Bf7 Nxe5 18. Qxe6+ Kf8 19. fxe5 Qxf7 20. Qxf7+ Kxf7 21. exd6 Ke6 22. Rae1 Kd7 23. Rf2 g5 24. Rxf6 g4 25. hxg4 Rxg4 26. Re2 Rag8 27. Rff2 h5 28. Be5 h4 29. Kh2 Ke6 30. b3 b5 31. a4 Rc8 32. axb5 axb5 33. Rf6+ Kd7 34. Rf7+ Ke6 35. Re7+ Kf5 36. Rf2+ Kg6 37. d7 1-0